=LDR 00000nam 2200000 4500 =001 INLIS000000001052362 =005 20240827094147 =035 ##$$a 0010-0824000180 =007 ta =008 240827################a##########1###### =020 ##$$a 978-89-6509-675-7 =082 ##$$a 028.55 =084 ##$$a 028.55 LEE d =100 #$$a Lee Kyung-eun =245 1#$$a Ding dong ding dong, siapa itu? /$c Lee Kyung-eun =260 ##$$a Tongkeun World :$b Gyeonggi-do =300 ##$$a 31 hlm : $b ilus ; $c 22,3 x 26,3 cm =650 #4$$a Bacaan Kanak-kanak =990 ##$$a 17531753